Countries that Had Colonies in India - Statistics

General Stats
  • This quiz has been taken 210 times
  • The average score is 4 of 5
Answer Stats
Years Country % Correct
1612-1947 United Kingdom
100%
1668-1954 France
98%
1505-1961 Portugal
98%
1605-1825 Netherlands
86%
1620-1869 Denmark
54%
No matching quizzes found
Score Distribution
Percent of People with Each Score
Percentile by Number Answered
Your Score History
You have not taken this quiz